| Tag |
First Indicator |
Second Indicator |
Subfields |
| LEADER |
00000cam a2200000Ia 4500 |
| 001 |
in00003488721 |
| 005 |
20171209063617.0 |
| 008 |
141010s1836 fr 000 0 fre d |
| 035 |
|
|
|a (OCoLC)ocn892739052
|
| 035 |
|
|
|a (OCoLC)892739052
|
| 040 |
|
|
|a TXA
|c TXA
|d UtOrBLW
|
| 049 |
|
|
|a TXAM
|
| 090 |
|
|
|a PQ1222
|b .M33 1834b no. 12
|
| 100 |
1 |
|
|a Duvert, Félix-Auguste,
|d 1795-1876
|e author.
|
| 245 |
1 |
0 |
|a Monsieur et madame Galochard :
|b vaudeville en un acte /
|c par mm. Xavier; Duvert et Lauzanne.
|
| 246 |
1 |
|
|i Binder's title:
|a Magasin theatral
|f [no.] 12, Année 1836
|
| 264 |
|
1 |
|a [Paris] :
|b [Marchant],
|c [1836?]
|
| 264 |
|
3 |
|a Paris :
|b Imprimerie de Ve Dondey-Dupré
|
| 300 |
|
|
|a 14 pages ;
|c 25 cm.
|
| 336 |
|
|
|a text
|b txt
|2 rdacontent
|
| 337 |
|
|
|a unmediated
|b n
|2 rdamedia
|
| 338 |
|
|
|a volume
|b nc
|2 rdacarrier
|
| 490 |
1 |
|
|a [Magasin théâtral
|
| 500 |
|
|
|a This item is number 2 in a volume of 18 theatrical plays bound together with spine title: Magasin theatral, 12, Année 1836.
|
| 500 |
|
|
|a Caption title.
|
| 500 |
|
|
|a "Représenté pour la première fois, à Paris, sur le théâtre du Vaudeville, le 6 février 1836."
|
| 700 |
1 |
|
|a Lauzanne de Vaurossel, Augustin-Théodore de,
|d 1805-1877
|e author.
|
| 710 |
2 |
|
|a Théâtre du vaudeville (Paris, France)
|
| 830 |
|
0 |
|a Magasin théâtral.
|
| 994 |
|
|
|a C0
|b TXA
|
| 999 |
|
|
|a MARS
|
| 999 |
f |
f |
|s f5cb22d7-1ecb-36ca-9ad6-794e0793944c
|i ecee9f40-5750-3b97-a99a-1529285545a5
|t 0
|
| 952 |
f |
f |
|p noncirc
|a Texas A&M University
|b College Station
|c Cushing Memorial Library & Archives
|d Cushing: Dawson French (Does not check out)
|t 0
|e PQ1222 .M33 1834b no. 12
|h Library of Congress classification
|i unmediated -- volume
|
| 998 |
f |
f |
|a PQ1222 .M33 1834b no. 12
|t 0
|l Cushing: Dawson French (Does not check out)
|